000 00449nam a22001337a 4500
003 OSt
008 140122b xxu||||| |||| 00| 0 eng d
100 1 _aOlsson, Dan Sten and Jane Olsson
041 _aeng
245 1 0 _aThe postage stamps of China, 1897-1941, the later imperial and early Republic post, the Jane and Dan Sten Olsson collection
260 _aHong Kong
_bInterasia Auctions Limited
300 _a0 pages
650 0 _aChina -- Auction catalogs
999 _c358
_d358